| 000 | 00672nam a2200205 i 4500 | ||
|---|---|---|---|
| 001 | 188830 | ||
| 003 | SpMaBN | ||
| 005 | 20251005063141.0 | ||
| 008 | 190218s2012 sp |||| | spa d | ||
| 020 | _a978-84-939628-2-1 | ||
| 080 | _a821.134.2-31"19" | ||
| 100 | 1 |
_aGil Cruces, José María, _d1958- _9166350 |
|
| 245 | 1 | 0 |
_aIrish black / _cJosé María Gil Cruces. |
| 260 |
_aTabernas, Almería : _bEspéliz, _c2012. |
||
| 300 |
_a273 p. ; _c22 cm. |
||
| 852 |
_aES-MaACL _jA-14345 _9195964 _bR.152249 _cDEPO1 _dOlim: N-7345 _hDonación: José Lázaro |
||
| 903 |
_9234219 _aLázaro García, José _ednr |
||
| 942 |
_2udc _cMONOGRAFIA |
||
| 999 |
_c188830 _d188830 |
||